00579nam a22002057a 450000500170000001000110001702000220002803500110005003700160006104000120007708200160008910000150010524500540012026000420017427000210021630000210023750000510025865000260030965000380033520170124110125.0 a642364 c00.00a0297004476 a642364 bCen Lib/Ret aDPLbEN a956.94bELO aElon, Amos aThe Israelis :cby Amos Elonbfounders and sons / bWeidenfeld and Nicolsonc1971aLondon a5 Winsley Street a359p. c21cm(Hb) aIncludes bibliographical references and index  aJewish-Arab relations aNational characteristics, Israeli